Public attitudes and international development co-operation
Salvato in:
| Ente Autore: | |
|---|---|
| Altri autori: | , |
| Natura: | Libro |
| Lingua: | inglese |
| Pubblicazione: |
Paris
OECD
1998
|
| Serie: | Development Centre studies
|
| Soggetti: | |
| Tags: |
Nessun Tag, puoi essere il primo ad aggiungerne!!
|
MARC
| LEADER | 00000nam a2200000 4500 | ||
|---|---|---|---|
| 001 | c122374 | ||
| 005 | 20221109094228.3 | ||
| 020 | |a 92-64-16195-3 | ||
| 041 | 0 | |a eng | |
| 044 | |a FR | ||
| 245 | 1 | 0 | |a Public attitudes and international development co-operation |c Edited by: Ian Smillie, Henny Helmich ... [et al.] |
| 264 | 1 | |a Paris |b OECD |c 1998 | |
| 300 | |a 170 s. | ||
| 490 | 1 | |a Development Centre studies | |
| 830 | 0 | |a Development Centre studies | |
| 610 | 2 | 0 | |a spolupráca medzinárodná |
| 610 | 2 | 0 | |a kooperácia |
| 610 | 2 | 0 | |a štúdie prípadové |
| 610 | 2 | 0 | |a pomoc zahraničná |
| 610 | 2 | 0 | |a vzdelanie |
| 610 | 2 | 0 | |a práva ľudské |
| 610 | 2 | 0 | |a programy politické |
| 610 | 2 | 0 | |a programy rozvojové |
| 610 | 2 | 0 | |a OECD |
| 700 | 1 | |a Smillie, Ian | |
| 700 | 1 | |a Helmich, Henny | |
| 710 | 2 | |a OECD. Development Centre | |